Percy's neighbourhood

Bibliographic Details
Main Author: Murphy, Stuart J
Format: Book
Published: Massachusetts : Charlesbridge , 2013
Series:I see i learn
Subjects:

MARC

LEADER 00000cam a2200000 7i4500
001 0000188708
005 20150414.0
020 |a 9781580894814 
090 0 0 |a JF   |b MUR 
100 1 |a Murphy, Stuart J 
245 1 0 |a Percy's neighbourhood   |c Stuart J. Murphy 
260 |a Massachusetts :   |b Charlesbridge ,   |c 2013 
300 |a p.v. :   |b ill. ;   |c 17cm. 
490 0 |a I see i learn 
650 0 |a Children's stories 
999 |a 00307634   |b BUKU   |c PINJAMAN   |e PERPUSTAKAAN KOMUNITI CAW KOTA DAMANSARA